Bagaimana dan mengapa kita perlu menghafal al-Quran / (Record no. 1111)

000 -LEADER
fixed length control field aam a22 a 4500
003 - CONTROL NUMBER IDENTIFIER
control field AKMAL
005 - DATE AND TIME OF LATEST TRANSACTION
control field 20170508140817.0
008 - FIXED-LENGTH DATA ELEMENTS--GENERAL INFORMATION
fixed length control field 170508s1993 my 00 may d
020 ## - INTERNATIONAL STANDARD BOOK NUMBER
International Standard Book Number 9839089137
040 ## - CATALOGING SOURCE
Original cataloging agency AKMAL
082 04 - DEWEY DECIMAL CLASSIFICATION NUMBER
Classification number 297.3 QAA
090 00 - LOCALLY ASSIGNED LC-TYPE CALL NUMBER (OCLC); LOCAL CALL NUMBER (RLIN)
Classification number (OCLC) (R) ; Classification number, CALL (RLIN) (NR) 297.3
Local cutter number (OCLC) ; Book number/undivided call number, CALL (RLIN) QAA
100 1# - MAIN ENTRY--PERSONAL NAME
Personal name Abu Syabib, Faisal
9 (RLIN) 2309
245 10 - TITLE STATEMENT
Title Bagaimana dan mengapa kita perlu menghafal al-Quran /
Statement of responsibility, etc. Faisal Syabib ; alihbahasa Abdullah Al-Qari b. Hj. Salleh
260 ## - PUBLICATION, DISTRIBUTION, ETC.
Place of publication, distribution, etc. Kota Bharu :
Name of publisher, distributor, etc. Pustaka Asa,
Date of publication, distribution, etc. 1986
300 00 - PHYSICAL DESCRIPTION
Extent 38ms. ;
Dimensions 19cm
505 0# - FORMATTED CONTENTS NOTE
Formatted contents note Mengandungi ayat-ayat dari Quran
650 #0 - SUBJECT ADDED ENTRY--TOPICAL TERM
Topical term or geographic name entry element Koran
General subdivision Memorizing
9 (RLIN) 2310
650 #0 - SUBJECT ADDED ENTRY--TOPICAL TERM
Topical term or geographic name entry element Koran
General subdivision Recitation
9 (RLIN) 1777
650 #0 - SUBJECT ADDED ENTRY--TOPICAL TERM
Topical term or geographic name entry element Islam
General subdivision Customs and practices
9 (RLIN) 1330
700 0# - ADDED ENTRY--PERSONAL NAME
Personal name Abdullah al-Qari Hj. Salleh,
Dates associated with a name 1937-
9 (RLIN) 1820
942 ## - ADDED ENTRY ELEMENTS (KOHA)
Source of classification or shelving scheme
Koha item type Book
Holdings
Withdrawn status Lost status Source of classification or shelving scheme Damaged status Not for loan Collection code Home library Current library Shelving location Date acquired Inventory number Total Checkouts Full call number Barcode Date last seen Price effective from Koha item type
          NON-FICTION AKMAL Melaka AKMAL Melaka PINJAMAN 08.05.2017 200220   297.3 QAA 201702255 08.05.2017 08.05.2017 Book
          NON-FICTION AKMAL Melaka AKMAL Melaka PINJAMAN 08.05.2017 200221   297.3 QAA 201702256 08.05.2017 08.05.2017 Book
Pusat Sumber Maklumat Dato' Haji Sarmin Md Hussin, Akademi Kastam Diraja Malaysia, Melaka
Tel: 06-2331106 | Faks: 06-2313787